The compact culture : The ethos of Japanese life

שמור ב:
מידע ביבליוגרפי
פורמט: ספר
שפה:Undetermined
יצא לאור: Hiroshima, Japan Toyo Kogyo Co. 1982
נושאים:
תגים: הוספת תג
אין תגיות, היה/י הראשונ/ה לתייג את הרשומה!
Thư viện lưu trữ: Trung tâm Học liệu Trường Đại học Cần Thơ
LEADER 00523nam a2200181Ia 4500
001 CTU_112092
008 210402s9999 xx 000 0 und d
082 |a 952 
082 |b C736 
245 4 |a The compact culture : 
245 4 |b The ethos of Japanese life 
245 0 |c Edited by Yoshida Mitsukuni, Tanaka Ikko, Sesoko Tsune 
260 |a Hiroshima, Japan 
260 |b Toyo Kogyo Co. 
260 |c 1982 
650 |a Aesthetics, Japanese 
904 |i M.Loan 
980 |a Trung tâm Học liệu Trường Đại học Cần Thơ